| 000 | 00632nam a22002177a 4500 | ||
|---|---|---|---|
| 003 | ITZ | ||
| 005 | 20240202120536.0 | ||
| 008 | 240202b |||||||| |||| 00| 0 spa d | ||
| 020 | _a978-607-15-1144-7 | ||
| 035 | _a17647 | ||
| 041 | _aspa | ||
| 050 |
_aT56.8 _bS24 2014 |
||
| 082 |
_a658.404 _bS726p 2014 |
||
| 100 | 1 | _aSpag Chain, Nassir | |
| 245 |
_aPreparacion y evaluacion de proyectos / _cNassir Spag Chain |
||
| 250 | _a6 | ||
| 260 |
_aMexico: _bMc Graw Hill _c2014 |
||
| 300 |
_axl, 345 p. _bil. / _c27 cm |
||
| 650 | _a1. PROYECTOS DE DESARROLLO ECONOMICO-EVALUACION \ 2. INVERSIONES DE CAPITAL-EVALUACION | ||
| 942 | _cBK | ||
| 999 |
_c29262 _d29262 |
||